UK Towns Quiz - Isle of Anglesey - Wales - Statistics

General Stats
  • This quiz has been taken 38 times
  • The average score is 10 of 28
Answer Stats
Clue Population Town % Correct
H 11,760 Holyhead
88%
A 3,147 Amlwch
77%
L 5,261 Llangefni
73%
B 1,121 Beaumaris
69%
M 3,046 Menai Bridge
69%
L 2,907 Llanfairpwllgwyngyllgogerychwyrndrobwllllantysiliogogogoch
65%
B 2,072 Benllech
62%
V 2,005 Valley
62%
R 787 Rhosneigr
50%
C 1,024 Cemaes
46%
G 1,279 Gaerwen
42%
N 839 Newborough
42%
M 607 Moelfre
31%
T 932 Trearddur
31%
L 572 Llangoed
27%
B 1,193 Bodedern
23%
B 506 Brynteg
19%
D 700 Dwyran
19%
L 1,155 Llanerchymedd
19%
L 1,000 Llandegfan
15%
P 525 Pentraeth
15%
B 655 Brynsiencyn
12%
L 641 Llanddona
12%
L 614 Llanfechell
12%
P 596 Penysarn
12%
B 711 Bryn Du
8%
R 549 Rhostrehwfa
8%
L 840 Llanddaniel Fab
4%
No matching quizzes found
Score Distribution
Percent of People with Each Score
Percentile by Number Answered
Your Score History
You have not taken this quiz